| 000 | 00895cam a2200181 4500 | ||
|---|---|---|---|
| 001 | WB3944-04 | ||
| 008 | 031119n2003 000 0 eng u | ||
| 035 | _a(Sirsi) u124373 | ||
| 245 | _aNew business website launched | ||
| 260 | _c2003 | ||
| 490 |
_aDTI Press Release _v(P/2003/568) 17 November 2003 (2) |
||
| 520 | _aThe DTI has launched a website that provides a single access point to all relevant government information and services for business. The site will carry rules and regulations, available government services, information on grants and support schemes and guidance on employment law and tax. The site is available at http://www.businesslink.gov.uk. http://www.wired-gov.net/EDP8203R7W/WGArticle.asp?WCI=htmArticleView&WCU=ARTCL%5FPKEY%3D20977 | ||
| 590 | _aWB | ||
| 650 | _aWEBSITES | ||
| 650 | _aBUSINESS ADVICE | ||
| 690 | _aMANAGEMENT-BUSINESS MANAGEMENT | ||
| 942 | _n0 | ||
| 999 |
_c73810 _d73810 |
||